Bilecik Bilecik Bilecik Bilecik Bilecik

Tenzîlü'l-efkâr fî ta'd'îli'l-esrâr: inceleme-tercüme-tahkikli metin/ (Record no. 69918)

MARC details
000 -BAŞLIK
Sabit Uzunluktaki Kontrol Alanı 01385nam a22003617a 4500
001 - KONTROL NUMARASI
Control Dosyası 0069171
003 - KONTROL NUMARASI KİMLİĞİ
Kontrol Alanı KOHA_MİRAKIL
005 - EN SON İŞLEM TARİHİ ve ZAMANI
Kontrol Alanı 20260207004833.0
007 - FİZİKSEL TANIM SABİT ALAN - GENEL BİLGİ
Sabit uzunluklu kontrol alanı ta
008 - SABİT UZUNLUKTAKİ VERİ ÖGELERİ - GENEL BİLGİ
Sabit Alan 230802b2022 tu |||gr||||#||||0|tur |
020 ## - ISBN - ULUSLARARASI STANDART KİTAP NUMARASI
Isbn 9786258352214
040 ## - KATALOGLAMA KAYNAĞI
Özgün Kataloglama Kurumu TR-BiSEU
Kataloglama Dili tur
Çeviri Kurumu TR-BiSEU
Açıklama Kuralları rda
041 0# - DİL KODU
Metin ya da ses kaydının dil kodu tur
044 ## - YAYINLAYAN/ÜRETEN KURULUŞUN ÜLKE KODU
ISO country code tu
050 ## - SINIFLAMA ve YER NUMARASI
Sınıflama Numarası B748.A56
Yer Numarası T46 2022
100 0# - KİŞİ ADI
Yazar Adı (Kişi adı) Esirüddin el-Ebheri.
245 1# - ESER ADI BİLDİRİMİ
Başlık Tenzîlü'l-efkâr fî ta'd'îli'l-esrâr: inceleme-tercüme-tahkikli metin/
Sorumluluk Bildirimi Esirüddin el-Ebheri ; Esirüddin el-Ebheri; hazırlayanlar Kâmil Kömürcü, Ekrem Sefa Gül.
264 #1 - ÜRERİM, YAYIN, DAĞITIM ve TELİF BİLDİRİMİ
Yayın yeri Ankara :
Yayınlayan Türkiye Bilimler Akademisi Yayınları (TÜBA)
Yayın tarihi 2022
300 ## - FİZİKSEL TANIMLAMA
Sayfa, Cilt vb. 614 sayfa; 25 cm.
336 ## - İÇERİK TÜRÜ
Content type term metin
Content type code txt
Source rdacontent
337 ## - MEDYA TÜRÜ
Media type term aracısız
Media type code n
Source rdamedia
338 ## - TAŞIYICI TÜRÜ
Carrier type term cilt
Carrier type code nc
Source rdacarrier
490 1# - DİZİ BİLDİRİMİ
Dizi Bildirimi Türk-İslâm Bilim Kültür Mirası dizisi ;
Cilt Numarası 51.
500 ## - GENEL NOT
Genel Not Dizin var.
650 #0 - KONU BAŞLIĞI EK GİRİŞ - KONU TERİMİ
Konusal terim veya coğrafi ad İslam felsefesi--1800'den önceki çalışmalar.
9 (RLIN) 75259
650 #0 - KONU BAŞLIĞI EK GİRİŞ - KONU TERİMİ
Konusal terim veya coğrafi ad Metafizik--1800'den önceki çalışmalar.
9 (RLIN) 104612
650 #0 - KONU BAŞLIĞI EK GİRİŞ - KONU TERİMİ
Konusal terim veya coğrafi ad Mantık--1800'den önceki çalışmalar.
9 (RLIN) 133720
650 #0 - KONU BAŞLIĞI EK GİRİŞ - KONU TERİMİ
Konusal terim veya coğrafi ad Islamic philosophy--Early works to 1800.
9 (RLIN) 75260
650 #0 - KONU BAŞLIĞI EK GİRİŞ - KONU TERİMİ
Konusal terim veya coğrafi ad Metaphysics--Early works to 1800.
9 (RLIN) 27291
650 #0 - KONU BAŞLIĞI EK GİRİŞ - KONU TERİMİ
Konusal terim veya coğrafi ad Logic--Early works to 1800.
9 (RLIN) 133721
830 1# - SERİ EK GİRİŞİ - TEKBİÇİM ESER ADI
Tekbiçim Başlık Türk-İslâm Bilim Kültür Mirası dizisi ;
Volume number/sequential designation 51.
9 (RLIN) 118074
942 ## - EK GİRİŞ ÖGELERİ (KOHA)
Source of classification or shelving scheme Library of Congress Classification
Koha item type Book
Holdings
Materyal Türü Kalıcı Konum Mevcut Konum Raf Yeri Sınıflandırma Kaynağı Edinim Bilgisi Ana Konular Alt Konular Yer Numarası Demirbaş Numarası Fatura Tarihi Geri Çekilme Durumu Kayıp Durumu Hasarlı Durumu Kredi için değil Kayıt Tarih Toplam Ödünçverme Son Görülme Tarihi Son Kontrol Tarihi Genel / Bağış Notu
Book Prof. Dr. Azmi Özcan Kütüphanesi Prof. Dr. Azmi Özcan Kütüphanesi Uluğbey Salonu Library of Congress Classification Bağış FELSEFE, PSİKOLOJİ, DİN Felsefe (Genel) B748.A56 T46 2022 0069171 02/02/2026         02/08/2023   17/03/2025 17/03/2025 Genel Bağış